00477nam a2200145Ia 4500100001500000942000700015654002900022245005800051260004200109082002000151300000700171546001200178999001700190952012400207 aNayar/ H.  cBK amisconducts by employees aHow to punish your employees on various misconducts bLaw book corporationaNew Delhic1987 a351.180954bNAY a46 aENGLISH c21014d21014 001040708CRCaCRCEbCRCEc1477 | 77d2023-03-17g100.00l0o351.180954 NAYp3183r2023-03-17v100.00w2023-03-17yBK